[Event "Challenge"]
[Site "http://www.queenalice.com/game.php?id=100321"]
[Date "2006.8.28"]
[Round "-"]
[White "Renan_tricolor"]
[Black "alequis"]
[Result "1-0"]
[WhiteElo "1298"]
[BlackElo "1340"]

1. e4 e5 2. Nf3 Nc6 3. Bb5 Nd4 4. Nxd4 exd4 5. Qf3 f6 6. O-O c6 7. Bc4 Bc5 8. e5
d5 9. Bd3 Nh6 10. Qh5+ Nf7 11. Bxh7 Qe7 12. Qg6 Rf8 13. d3 Be6 14. Qxg7 O-O-O
15. Bd2 Bb4 16. c3 Nxe5 17. Qh6 Ng4 18. Qh4 Bc5 19. Bg6 dxc3 20. Bxc3 d4 21. Ba5
b6 22. Bd2 Rg8 23. Be4 Rh8 24. Qg3 Bd6 25. Bf4 Rxh2 26. f3 Kb7 27. fxg4 Rhh8 28.
Bxd6 Qg7 29. Bf3 f5 30. Na3 fxg4 31. Bxg4 Bxg4 32. Rae1 Qd7 33. Re7 Rh3 34. Qf4
Rxd3 35. Nc4 Be2 36. Re1 Ka6 37. Rxd7 Rxd7 38. Rxe2 c5 39. Qe4 Rd1+ 40. Re1
Rxe1+ 41. Qxe1 Kb5 42. b3 a5 43. Qe6 Rd8 44. Bc7 Rb8 45. Bxb8 a4 46. Qxb6# 1-0

[Event "Challenge"]
[Site "http://www.queenalice.com/game.php?id=100613"]
[Date "2006.8.29"]
[Round "-"]
[White "AloizioAndrade"]
[Black "Renan_tricolor"]
[Result "1-0"]
[WhiteElo "1500"]
[BlackElo "1529"]

1. e4 e5 2. Nf3 Nc6 3. Bb5 Nce7 4. Nxe5 f5 5. Qf3 a6 6. Bc4 b5 7. Bd3 Nh6 8. O-O
d6 9. Bxb5+ axb5 10. Nd3 Bb7 11. Nb4 Bxe4 12. Qh5+ g6 13. Qh3 Qd7 14. d3 c5 15.
dxe4 cxb4 16. Bxh6 Bxh6 17. Qxh6 Ng8 18. Qf4 Ne7 19. Rd1 d5 20. exf5 Nxf5 21.
Qe5+ Ne7 22. Qxh8+ Kf7 23. Qxa8 Nf5 24. Qxd5+ Qe6 25. Qxe6+ Kxe6 26. Nd2 Kd5 27.
Nb3+ Kc4 28. Rd7 Nd4 29. Rxd4# 1-0

[Event "Challenge"]
[Site "http://www.queenalice.com/game.php?id=102246"]
[Date "2006.9.4"]
[Round "-"]
[White "Renan_tricolor"]
[Black "chessmania"]
[Result "0-1"]
[WhiteElo "1386"]
[BlackElo "1435"]

1. d4 e6 2. Nf3 Qf6 3. Bg5 Qf5 4. e3 Ne7 5. Bd3 Qg4 6. O-O Nd5 7. h3 Qh5 8. Qd2
f6 9. Bh4 Bb4 10. c3 Bd6 11. e4 Nf4 12. Na3 Qg6 13. Nc4 Qxg2# 0-1

[Event "Challenge"]
[Site "http://www.queenalice.com/game.php?id=107185"]
[Date "2006.9.17"]
[Round "-"]
[White "Renan_tricolor"]
[Black "Soujiro"]
[Result "1-0"]
[WhiteElo "1497"]
[BlackElo "1079"]

1. e4 c5 2. Nf3 e6 3. Nc3 d6 4. Bb5+ Bd7 5. Bc4 Nc6 6. O-O Be7 7. d3 Nh6 8. Bxh6
gxh6 9. Qd2 Na5 10. Qxh6 Bf8 11. Qh5 Qe7 12. Ng5 d5 13. exd5 Rg8 14. Nf3 b5 15.
Bxb5 Bxb5 16. Nxb5 Rb8 17. a4 a6 18. Na3 Rxb2 19. Rfe1 Rb4 20. Rxe6 Rg6 21.
Rxe7+ Bxe7 22. Qxh7 Rgb6 23. Ne5 Bf6 24. Qxf7+ 1-0

[Event "Challenge"]
[Site "http://www.queenalice.com/game.php?id=109295"]
[Date "2006.9.24"]
[Round "-"]
[White "clarice"]
[Black "Renan_tricolor"]
[Result "1-0"]
[WhiteElo "1338"]
[BlackElo "1462"]

1. e4 e5 2. Bc4 Nf6 3. d3 Bb4+ 4. c3 Ba5 5. Nf3 Qe7 6. Bg5 O-O 7. O-O h6 8. Nbd2
hxg5 9. Nxg5 d6 10. h3 Nbd7 11. f4 Nc5 12. fxe5 Qxe5 13. Ndf3 Qg3 14. b4 1-0

[Event "Challenge"]
[Site "http://www.queenalice.com/game.php?id=109341"]
[Date "2006.9.24"]
[Round "-"]
[White "clarice"]
[Black "Renan_tricolor"]
[Result "1-0"]
[WhiteElo "1377"]
[BlackElo "1427"]

1. e4 e5 2. Bc4 Nf6 3. d3 Nc6 4. Nc3 Bb4 5. Bd2 O-O 6. Nf3 d6 7. h3 Be6 8. Bxe6
fxe6 9. a3 Bxc3 10. Bxc3 d5 11. Nxe5 Qe8 12. O-O Nh5 13. Qxh5 1-0

[Event "Challenge"]
[Site "http://www.queenalice.com/game.php?id=109692"]
[Date "2006.9.25"]
[Round "-"]
[White "hugo10"]
[Black "Renan_tricolor"]
[Result "1-0"]
[WhiteElo "1405"]
[BlackElo "1497"]

1. e4 e5 2. Qf3 Nf6 3. Nc3 Bc5 4. Nb5 c6 5. Nc3 O-O 6. h4 Na6 7. a3 Re8 8. h5 d6
9. Nh3 Bg4 10. Qd3 Bxh5 11. Ng5 Ng4 12. Rxh5 1-0